000 00512nam a22001577a 4500
003 PILC
005 20160525114105.0
008 160525b xxu||||| |||| 00| 0 eng d
020 _a9781680942170
050 _aHD 69.P75
_b.St898 2015
245 _aStrategic planning for project management /
_ceditors Feng Wang and Gang Zhang.
260 _aNew York :
_bArcler Press,
_c2015.
300 _ax, 252 pages :
_billustrations ;
_c24 cm.
500 _aIncludes bibliographical references and index.
942 _2lcc
_cBK
999 _c294981
_d294981